000 00475nam a2200169Ia 4500
999 _c10610
_d10610
003 OSt
005 20191227120009.0
008 190216s9999||||xx |||||||||||||| ||und||
040 _coclc
082 _a333.7
_bAGA/E
100 _aAgarwal, R K
_9811
245 0 _aEconomics Environment /
_cR K Agarwal
260 _bVishal Prakashan Mandir,
_c2003.
_aMeerut:
300 _a536 p
650 _aEconomics
942 _cBK
_2ddc
_h333.7
_iAGA/E
_k333.7
_mAGA/E